00523nam a2200181 a 450000100060000000300090000600800410001502000150005604000280007108200180009910000190011724500490013626000640018530000120024965000240026165000230028565000330030811180CO-ViMGA141112s2004 ck r 000 u spa d a9589093132 aCO-ViMGAbspacCO-ViMGA04a370.938 J13pl1 aJaeger, Werner10aPaideia : bLos ideales de la cultura griega aSantafé de Bogotá, cFondo economico de cultura, c1962 a1151 p.14aCIVILIZACION GRIEGA14aeducación GRIEGA14aLITERATURA GRIEGA - HISTORIA